000 01197cam a2200325 a 4500
001 26859
003 BD-RjUL
005 20211209051058.0
008 140323s1949 iluch 000 0 eng
020 _a0810101599 (pbk.)
020 _a0810101610 (hbk.)
035 _a67-11990
035 _a(BD-RjUL)26930
040 _aDLC
_cDLC
_dBD-RjUL
_beng
041 _aeng
082 _a813
_bMET 1949
100 1 _aMelville, Herman,
_d1819-1891.
_982545
245 1 0 _aTypee :
_ba peep at Polynesian life /
_cHerman Melville ; [edited by Harrison Hayford, Hershel Parker and G. Thomas Tanselle].
260 _aEvanston ;
_aChicago :
_bNorthwestern University Press :
_band the Newberry Library,
_c1949.
300 _ax, 279 p. :
_bfacsims., port ;
_c17 cm.
490 1 _aThe writings of Herman Melville ;
_vv. 1.
500 _a"The story of Toby, a sequel to Typee. By the author of that work": p. [259]-271.
651 0 _aMarquesas Islands (French Polynesia)
_952501
700 1 _aTanselle, G. Thomas
_q(George Thomas),
_d1934-
_982546
700 1 _aParker, Hershel.
_952207
700 1 _aHayford, Harrison.
_952208
942 _2ddc
_cBK
999 _c26859
_d26859